Žyvi i mertvi roman

Bibliographic Details
Main Author: Mináč, Vladimír, 1922-1996 (Author)
Other Authors: Kočur, Hryhorij Porfyrovyč 1908-1994 (Translator)
Format: Book
Language:Ukrainian
Slovak
Published: Kyjiv Deržavne vydavnyctvo chudožnoji literatury 1961
Subjects:

MARC

LEADER 00000cam a2200000 a 4500
001 vtls008828672
003 SK-MaSNL
005 20260301102231.0
008 230403s1961 un g 000 f ukr
015 |a SNBA1961 
020 |q (viazané) 
035 |a urn:nbn:sk:snk-am00fgba 
035 |a urn:nbn:sk:snk-am3isna 
035 |a CD0E2ED2-72ED-4C19-BE30-5B327B1A007F 
040 |a SNK  |b slo  |c SNK  |e AACR2 
041 1 |a ukr  |h slo 
044 |a un  |c UA 
072 7 |a 821.162.4-3  |x Slovenská próza  |2 konspekt 
080 |a 821.162.4-31  |2 2011 
100 1 |a Mináč, Vladimír,  |d 1922-1996  |4 aut  |9 103107 
240 1 0 |a Živí a mŕtvi  |l Ukrajinsky 
245 1 0 |a Žyvi i mertvi  |b roman  |c Volodymyr Minač ; [pereklad z slovackoji Živí a mŕtvi H. Kočur] 
260 |a Kyjiv  |b Deržavne vydavnyctvo chudožnoji literatury  |c 1961 
300 |a 322 strán  |c 21 cm 
366 |e 15000 kusov 
500 |a Poznámky pod čiarou 
655 7 |a slovenské romány  |2 SNKPH  |9 70324 
700 1 |a Kočur, Hryhorij Porfyrovyč  |d 1908-1994  |4 trl  |9 437691 
852 |a Slovenská národná knižnica 
954 |a beletria pôvodná (slovenská)  |2 lita 
958 |a EUIPO 
958 |a OND 
958 |a RK 
958 |a TL 
958 |a LX 
958 |a UP 
999 |c 691621  |d 693551 
952 |a SNK  |b SNK  |y PREZ  |7 0  |p 17A0874821  |o snkSC 16909  |i snkV 1151/62  |8 2  |0 0  |1 0  |4 0  |d 2020-09-16  |f 1  |l 0  |r 2025-07-18 00:00:00  |w 2026-02-23 
952 |a SNK  |b SNK  |y VYP  |7 0  |p 17A1345068  |o snkSC 16909 D1  |i snkV 75/63  |8 2  |0 0  |1 0  |4 0  |d 2020-09-30  |l 0  |r 2026-02-23 20:29:39  |w 2026-02-23